| Record ID | ia:lanmil0000duby |
| Source | Internet Archive |
| Download MARC XML | https://archive.org/download/lanmil0000duby/lanmil0000duby_marc.xml |
| Download MARC binary | https://www.archive.org/download/lanmil0000duby/lanmil0000duby_meta.mrc |
LEADER: 00601cam a2200205 a 4500
001 88672287
003 DLC
005 20090101083602.0
008 880307t19851980fr af 000 0 fre c
010 $a 88672287
020 $a2070288714
040 $aMH$cMH$dDLC
050 14 $aD123$b.D78x 1985
100 1 $aDuby, Georges.
245 12 $aL'an mil /$cprésenté par Georges Duby.
260 $a[Paris] :$bGallimard :$bJulliard,$c[1985], c1980.
300 $a235 p., [16] p. of plates :$bill. ;$c19 cm.
440 0 $aCollection Archives ;$v30
504 $aBibliography: p. 227-228.
650 0 $aOne thousand, A.D.